Phillips curve in the frame of microeconomic dynamics

Na minha lista:
Detalhes bibliográficos
Autor principal: Szomolányi, Karol, 1976-
Outros Autores: Lukáčik, Martin, 1974-, Lukáčiková, Adriana, 1971-
Formato: Capítulo de Livro
Idioma:inglês
Assuntos:
Tags: Adicionar Tag
Sem tags, seja o primeiro a adicionar uma tag!

MARC

LEADER 00000nla$a2200000$$$4500
001 0104044
005 20240502083248.0
041 0 |a eng 
044 |a US 
245 1 0 |a Phillips curve in the frame of microeconomic dynamics  |c Karol Szomolányi, Martin Lukáčik, Adriana Lukáčiková 
610 2 0 |a Phillipsova krivka 
610 2 0 |a modely dynamické 
610 2 0 |a mikroekonomika 
100 1 |a Szomolányi, Karol, 1976- 
700 1 |a Lukáčik, Martin, 1974- 
700 1 |a Lukáčiková, Adriana, 1971-